| 000 | 01254cam a2200253 i 4500 | ||
|---|---|---|---|
| 003 | SA-RiAUC | ||
| 005 | 20260415141839.0 | ||
| 008 | 260319s1927 ua g 000r0 ara c | ||
| 040 |
_aSA-JeALM _bara _cSA-RiAUC _erda |
||
| 082 | 0 | 4 |
_a415.5 _qSA-RiAUC |
| 090 |
_aم ن 415.5 _bك ي ل |
||
| 100 | 1 |
_aالكيلاني، علي بن هشام _eمؤلف. |
|
| 245 | 1 | 0 | _aشرح العالم العلامة الحبر البحر الفهامة الإمام القدوة الرباني أبي الحسن علي بن هشام الكيلاني لتصريف العزي قدس الله روحهما ونور ضريحهما آمين. وبهامشه المتن المذكور. |
| 264 | 3 |
_aمكة المكرمة : _bمطبعة الترقى الماجدية العثمانية _c[1913] |
|
| 300 |
_a35صفحة ؛ _c29 سم. |
||
| 336 |
_aنص _btxt _2rdacontent _3كتاب |
||
| 337 |
_aبدون وسيط _bn _2rdamedia |
||
| 338 |
_aمجلد _bnc _2rdacarrier |
||
| 650 | 7 |
_aاللغة العربية _xصرف _2aucsh |
|
| 700 | 1 | 2 |
_aالزنجاني، عبد الوهاب بن إبراهيم بن عبد الوهاب، _dتوفي 655 هجري |
| 740 | 2 | 2 | _aالتصريف العزي. |
| 942 |
_2ddc _cRBOOK COPY _n0 |
||
| 949 |
_aSA-JeALM _d260319 _umohamedma123 _n1 |
||
| 999 |
_c14799 _d14799 |
||